US Presidents - 3 Minute Jog - Statistics

General Stats
  • This quiz has been taken 60 times
    42 since last reset
  • The average score is 40 of 45
Answer Stats
Answer % Correct
Barack Obama
100%
George H.W. Bush
100%
George Washington
100%
George W. Bush
100%
Joe Biden
100%
Bill Clinton
97%
Donald Trump
97%
Franklin Roosevelt
97%
Jimmy Carter
97%
Theodore Roosevelt
97%
Thomas Jefferson
97%
Benjamin Harrison
94%
Dwight Eisenhower
94%
Gerald Ford
94%
James Monroe
94%
John Adams
94%
John F. Kennedy
94%
John Quincy Adams
94%
Richard Nixon
94%
Ronald Reagan
94%
Abraham Lincoln
91%
Andrew Jackson
91%
Herbert Hoover
91%
James Polk
91%
Ulysses Grant
91%
William Harrison
91%
Andrew Johnson
88%
Calvin Coolidge
88%
Grover Cleveland
88%
Harry Truman
88%
James Madison
88%
Lyndon Johnson
88%
Woodrow Wilson
88%
Martin Van Buren
84%
William Howard Taft
84%
John Tyler
81%
Warren Harding
81%
Franklin Pierce
78%
Millard Fillmore
78%
William McKinley
78%
Zachary Taylor
78%
James Buchanan
75%
James Garfield
75%
Chester Arthur
72%
Rutherford Hayes
72%
No matching quizzes found
Score Distribution
Percent of People with Each Score
Percentile by Number Answered
Your Score History
You have not taken this quiz since the last reset